logo

Bir Sreshtho Munshi Abdur Rouf Library
Jhenaidah Cadet College

মানব জীবন / (Record no. 3239)

MARC details
000 -LEADER
fixed length control field 00735nam a22002297a 4500
001 - CONTROL NUMBER
JCCL Control Number 3239
003 - CONTROL NUMBER IDENTIFIER
JCCL marc code BD-JhCC
005 - DATE AND TIME OF LATEST TRANSACTION
control field 20171113185043.0
008 - FIXED-LENGTH DATA ELEMENTS--GENERAL INFORMATION
fixed length control field 171111s1970 bg |||| |||| 001 0 ben d
035 ## - SYSTEM CONTROL NUMBER
system control number (BD-JhCC)3239
040 ## - CATALOGING SOURCE
Original cataloging agency BD-JhCC
Modifying agency BD-JhCC
041 ## - LANGUAGE CODE
Language code of Book ben
082 ## - DEWEY DECIMAL CLASSIFICATION NUMBER
Classification number 297
Author mark and Year MUH 1970
100 ## - MAIN ENTRY--PERSONAL NAME
Personal name মুহাম্মদ, কাজী দীন
245 ## - TITLE STATEMENT
Title মানব জীবন /
Statement of responsibility, etc কাজী দীন মুহাম্মদ
260 ## - PUBLICATION, DISTRIBUTION, ETC. (IMPRINT)
Place of publication, distribution, etc ঢাকা :
Name of publisher, distributor, etc সোসাইটি ফর পাকিস্তান স্টাডিজ,
Date of publication, distribution, etc ১৯৭০.
300 ## - PHYSICAL DESCRIPTION
Pagination ১৮০ পৃ. :
Dimensions ২২ সেমি.
504 ## - BIBLIOGRAPHY, ETC. NOTE
Bibliography, etc Index present
650 ## - SUBJECT ADDED ENTRY--TOPICAL TERM
Topical term or geographic name as entry element Islam for Life
942 ## - ADDED ENTRY ELEMENTS (KOHA)
Source of classification or shelving scheme Dewey Decimal Classification
Koha item type Books
Holdings
Source of classification or shelving scheme Damaged status Not for loan Home library Current library Shelving location Date of accession Cost, normal purchase price Total Checkouts Full call number Barcode Date last seen Copy number Koha item type
Dewey Decimal Classification     JCC Rouf Library JCC Rouf Library General Stacks 11/11/2017 7.00   297 MUH 1970 3765 11/11/2017 C-1 Books

JCC Library | Contacts | JCC Home

Last Update on 23 September 2017
Copyright @ 2017-2020 JCC Rouf Library
Rouf Library, Jhenidah Cadet College (JCC), Bangladesh